| 000 | 00413nam a2200181Ia 4500 | ||
|---|---|---|---|
| 005 | 20250423101449.0 | ||
| 008 | 250422s9999 xx 000 0 und d | ||
| 020 | _a0-14-00-6747-7 | ||
| 050 | _aPR6025.165Z68 | ||
| 100 | _aBenjamin Hoff | ||
| 245 | 4 | _aThe Tao Of Pooh | |
| 260 | _aNew York | ||
| 260 | _bPenguin Books | ||
| 260 | _c1982 | ||
| 300 | _a158 p | ||
| 650 | _aReligion and ethics | ||
| 942 | _cBK | ||
| 999 |
_c36369 _d36369 |
||